[Event "Top 12 FRA-chT 2017"]
[Site "Chartres"]
[Date "2017.05.25"]
[Round "8"]
[White "Leconte, Maria"]
[Black "Congiu, Mathilde"]
[Result "1/2-1/2"]
[WhiteElo "2174"]
[BlackElo "2248"]
[Annotator "NA"]
[PlyCount "103"]
[EventDate "2017.??.??"]
[EventType "team-tourn"]
[EventCountry "FRA"]
[SourceTitle "playchess.com"]
[Source "ChessBase"]
[SourceQuality "1"]
[WhiteTeam "Saint Quentin"]
[BlackTeam "Bois-Colombes"]
[TimeControl "40/5400+30:1800+30"]

1. d4 {[%emt 0:00:00]} Nf6 {[%emt 0:01:05]} 2. Nf3 {[%emt 0:00:00]} c5 {[%emt 0:03:04]} 3. d5 {[%emt 0:03:29]} g6 {[%emt 0:03:01]} 4. Nc3 {[%emt 0:04:15]} Bg7 {[%emt 0:06:12]} 5. e4 {[%emt 0:00:19]} d6 {[%emt 0:03:13]} 6. h3 {[%emt 0:00:29]} O-O {[%emt 0:01:08]} 7. Be2 {[%emt 0:00:17]} b5 {[%emt 0:04:28]} 8. Bxb5 {[%emt 0:26:26]} Nxe4 {[%emt 0:02:23]} 9. Nxe4 {[%emt 0:00:08]} Qa5+ {[%emt 0:00:08]} 10. Nc3 {[%emt 0:01:19]} Bxc3+ {[%emt 0:00:22]} 11. bxc3 {[%emt 0:00:03]} Qxb5 {[%emt 0:00:16]} 12. Nd2 {[%emt 0:10:23]} c4 {[%emt 0:15:16]} 13. Qf3 {[%emt 0:08:43]} Nd7 {[%emt 0:08:10]} 14. Rb1 {[%emt 0:03:54]} Qa4 {[%emt 0:02:11]} 15. Rb2 {[%emt 0:00:32]} Nb6 {[%emt 0:05:12]} 16. h4 {[%emt 0:13:51]} Qd7 {[%emt 0:07:13]} 17. h5 {[%emt 0:02:27]} Qf5 {[%emt 0:02:08]} 18. Rh4 {[%emt 0:07:43]} Qxf3 {[%emt 0:06:05]} 19. Nxf3 {[%emt 0:00:13]} Bb7 {[%emt 0:04:46]} 20. hxg6 {[%emt 0:02:44]} hxg6 {[%emt 0:00:09]} 21. Bh6 {[%emt 0:00:47]} Rfb8 {[%emt 0:00:37]} 22. Kd2 {[%emt 0:05:37]} Bxd5 {[%emt 0:02:40]} 23. Rb1 {[%emt 0:00:51]} Nd7 {[%emt 0:06:34]} 24. Rbh1 {[%emt 0:00:29]} Bxf3 {[%emt 0:01:30]} 25. gxf3 {[%emt 0:01:22]} Ne5 {[%emt 0:01:00]} 26. R1h3 {[%emt 0:00:16]} f6 {[%emt 0:03:59]} 27. Be3 {[%emt 0:00:05]} Kf7 {[%emt 0:00:58]} 28. f4 {[%emt 0:00:29]} Nd7 {[%emt 0:01:33]} 29. Rh7+ {[%emt 0:01:40]} Ke6 {[%emt 0:00:46]} 30. Bd4 {[%emt 0:00:13]} Nb6 {[%emt 0:00:58]} 31. Re3+ {[%emt 0:02:04]} Kf5 {[%emt 0:00:06]} 32. Rexe7 {[%emt 0:00:18]} a5 {[%emt 0:03:30]} 33. Rc7 {[%emt 0:02:00]} Nd5 {[%emt 0:00:39]} 34. Rxc4 {[%emt 0:00:13]} Ra6 {[%emt 0:02:19]} 35. a4 {[%emt 0:00:35]} Nxf4 {[%emt 0:00:28]} 36. Rcc7 {[%emt 0:01:43]} d5 {[%emt 0:01:44]} 37. Ra7 {[%emt 0:00:39]} Re6 {[%emt 0:00:13]} 38. Be3 {[%emt 0:00:51]} Rb2 {[%emt 0:02:37]} 39. Rxa5 {[%emt 0:00:05]} Ra2 {[%emt 0:00:20]} 40. c4 {[%emt 0:00:56]} Rc6 {[%emt 0:30:45]} 41. Bxf4 {[%emt 0:14:26]} Kxf4 {[%emt 0:00:00]} 42. Rh4+ {[%emt 0:03:11]} Kf3 {[%emt 0:00:00]} 43. Rxd5 {[%emt 0:01:59]} Rxa4 {[%emt 0:00:00]} 44. Rd3+ {[%emt 0:01:09]} Kxf2 {[%emt 0:00:00]} 45. Rf4+ {[%emt 0:00:27]} Kg2 {[%emt 0:00:00]} 46. Rg4+ {[%emt 0:00:05]} Kh2 {[%emt 0:00:00]} 47. Rh4+ {[%emt 0:05:21]} Kg2 {[%emt 0:00:00]} 48. Rg4+ {[%emt 0:00:05]} Kh2 {[%emt 0:00:00]} 49. Rd8 {[%emt 0:00:30]} Kh3 {[%emt 0:00:00]} 50. Rxg6 {[%emt 0:00:11]} Raxc4 {[%emt 0:00:00]} 51. Rh8+ {[%emt 0:00:15]} Rh4 {[%emt 0:00:00]} 52. Rf8 {[%emt 0:01:58]} 1/2-1/2

[Event "Top 12 FRA-chT 2017"]
[Site "Chartres"]
[Date "2017.05.25"]
[Round "8"]
[White "Steil-Antoni, Fiona"]
[Black "Guichard, Pauline"]
[Result "1-0"]
[WhiteElo "2155"]
[BlackElo "2312"]
[Annotator "NA"]
[PlyCount "117"]
[EventDate "2017.??.??"]
[EventType "team-tourn"]
[EventCountry "FRA"]
[SourceTitle "playchess.com"]
[Source "ChessBase"]
[SourceQuality "1"]
[WhiteTeam "Vandoeuvre"]
[BlackTeam "Clichy"]
[TimeControl "40/5400+30:1800+30"]

1. e4 {[%emt 0:00:00]} g6 {[%emt 0:00:05]} 2. d4 {[%emt 0:00:00]} Bg7 {[%emt 0:00:04]} 3. Nf3 {[%emt 0:00:00]} d6 {[%emt 0:00:09]} 4. Bd3 {[%emt 0:00:13]} Nc6 {[%emt 0:02:40]} 5. c3 {[%emt 0:00:06]} e5 {[%emt 0:00:35]} 6. h3 {[%emt 0:03:34]} Nf6 {[%emt 0:02:27]} 7. O-O {[%emt 0:00:18]} O-O {[%emt 0:00:52]} 8. Re1 {[%emt 0:00:06]} h6 {[%emt 0:07:18]} 9. a4 {[%emt 0:00:57]} Nh5 {[%emt 0:02:32]} 10. Bc2 {[%emt 0:15:02]} exd4 {[%emt 0:05:29]} 11. cxd4 {[%emt 0:06:10]} Nb4 {[%emt 0:00:31]} 12. Bb3 {[%emt 0:03:11]} c5 {[%emt 0:07:51]} 13. Nc3 {[%emt 0:06:35]} b6 {[%emt 0:13:00]} 14. g4 {[%emt 0:04:50]} cxd4 {[%emt 0:19:40]} 15. Nxd4 {[%emt 0:01:16]} Qh4 {[%emt 0:05:39]} 16. gxh5 {[%emt 0:14:26]} Bxh3 {[%emt 0:00:18]} 17. Re3 {[%emt 0:24:26]} Be5 {[%emt 0:05:06]} 18. hxg6 {[%emt 0:04:59]} Bh2+ {[%emt 0:09:41]} 19. Kxh2 {[%emt 0:05:16]} Bg4+ {[%emt 0:00:48]} 20. Kg1 {[%emt 0:01:43]} Bxd1 {[%emt 0:00:08]} 21. Nxd1 {[%emt 0:00:33]} d5 {[%emt 0:04:58]} 22. Bd2 {[%emt 0:01:22]} a5 {[%emt 0:09:23]} 23. Bxb4 {[%emt 0:00:44]} axb4 {[%emt 0:00:03]} 24. Bxd5 {[%emt 0:00:17]} Ra5 {[%emt 0:00:24]} 25. gxf7+ {[%emt 0:00:44]} Rxf7 {[%emt 0:01:26]} 26. Nf5 {[%emt 0:03:16]} Qf4 {[%emt 0:00:58]} 27. Bxf7+ {[%emt 0:01:24]} Kxf7 {[%emt 0:00:06]} 28. b3 {[%emt 0:01:13]} Rc5 {[%emt 0:00:38]} 29. Nb2 {[%emt 0:00:01]} Qg5+ {[%emt 0:00:56]} 30. Rg3 {[%emt 0:01:05]} Qf6 {[%emt 0:00:48]} 31. Rb1 {[%emt 0:00:00]} Rc3 {[%emt 0:00:16]} 32. Nd3 {[%emt 0:01:30]} Qe6 {[%emt 0:01:07]} 33. Nxb4 {[%emt 0:00:37]} Rxg3+ {[%emt 0:00:06]} 34. Nxg3 {[%emt 0:00:12]} h5 {[%emt 0:00:09]} 35. Nd5 {[%emt 0:00:43]} Kf8 {[%emt 0:00:38]} 36. Re1 {[%emt 0:00:25]} h4 37. Nf5 {[%emt 0:00:03]} h3 {[%emt 0:01:38]} 38. Re3 {[%emt 0:00:55]} Qe5 {[%emt 0:00:32]} 39. Ng3 {[%emt 0:00:40]} Ke8 {[%emt 0:00:22]} 40. Kh2 {[%emt 0:00:32]} Qh8 {[%emt 0:30:36]} 41. Nf5 {[%emt 0:30:33]} Qb2 {[%emt 0:00:00]} 42. Rf3 {[%emt 0:00:00]} Qe2 {[%emt 0:00:00]} 43. Nh4 {[%emt 0:00:00]} Qf1 {[%emt 0:00:00]} 44. Nxb6 {[%emt 0:00:00]} Kd8 {[%emt 0:00:00]} 45. Nc4 {[%emt 0:00:00]} Kc7 {[%emt 0:00:00]} 46. e5 {[%emt 0:00:00]} Kd7 {[%emt 0:00:00]} 47. Ne3 {[%emt 0:00:00]} Qa1 {[%emt 0:00:00]} 48. Ng4 {[%emt 0:00:00]} Qe1 {[%emt 0:00:00]} 49. Rxh3 {[%emt 0:00:00]} Qe2 {[%emt 0:00:00]} 50. Rg3 {[%emt 0:00:00]} Ke6 {[%emt 0:00:00]} 51. Ng2 {[%emt 0:00:00]} Qd2 {[%emt 0:00:00]} 52. Re3 {[%emt 0:00:00]} Kf5 {[%emt 0:00:00]} 53. Kg3 {[%emt 0:00:00]} Qd1 {[%emt 0:00:00]} 54. f3 {[%emt 0:00:00]} Ke6 {[%emt 0:00:00]} 55. Nf4+ {[%emt 0:00:00]} Kf5 {[%emt 0:00:00]} 56. e6 {[%emt 0:00:00]} Qg1+ {[%emt 0:00:00]} 57. Ng2 {[%emt 0:00:00]} Qd1 {[%emt 0:01:53]} 58. e7 {[%emt 0:00:00]} Qd6+ {[%emt 0:00:16]} 59. Re5+ {[%emt 0:00:00]} 1-0

[Event "Top 12 FRA-chT 2017"]
[Site "Chartres"]
[Date "2017.05.25"]
[Round "8"]
[White "Aflalo, Sophie"]
[Black "Maisuradze, Nino"]
[Result "0-1"]
[WhiteElo "2135"]
[BlackElo "2260"]
[Annotator "NA"]
[PlyCount "78"]
[EventDate "2017.??.??"]
[EventType "team-tourn"]
[EventCountry "FRA"]
[SourceTitle "playchess.com"]
[Source "ChessBase"]
[SourceQuality "1"]
[WhiteTeam "Tremblay-En-France"]
[BlackTeam "Bischwiller"]
[TimeControl "40/5400+30:1800+30"]

1. b3 {[%emt 0:01:05]} d5 {[%emt 0:00:34]} 2. Bb2 {[%emt 0:00:08]} Nf6 {[%emt 0:02:08]} 3. e3 {[%emt 0:01:30]} c6 {[%emt 0:00:46]} 4. d3 {[%emt 0:08:40]} Bf5 {[%emt 0:15:19]} 5. Nd2 {[%emt 0:14:55]} Nbd7 {[%emt 0:00:30]} 6. f4 {[%emt 0:03:40]} Qc7 {[%emt 0:05:52]} 7. Qf3 {[%emt 0:06:41]} e6 {[%emt 0:07:59]} 8. h3 {[%emt 0:03:56]} h6 {[%emt 0:09:21]} 9. g4 {[%emt 0:03:45]} Bg6 {[%emt 0:02:14]} 10. O-O-O {[%emt 0:09:34]} Bb4 {[%emt 0:02:19]} 11. Kb1 {[%emt 0:03:04]} a5 {[%emt 0:02:19]} 12. c3 {[%emt 0:01:34]} Bd6 {[%emt 0:00:29]} 13. Rh2 {[%emt 0:09:38]} a4 {[%emt 0:00:17]} 14. Rf2 {[%emt 0:00:12]} Nc5 {[%emt 0:05:44]} 15. Kc2 {[%emt 0:07:12]} axb3+ {[%emt 0:00:57]} 16. axb3 {[%emt 0:00:05]} Ra2 {[%emt 0:02:39]} 17. Rb1 {[%emt 0:05:51]} O-O {[%emt 0:07:30]} 18. Qg2 {[%emt 0:00:14]} Qb6 {[%emt 0:05:40]} 19. f5 {[%emt 0:04:15]} Bh7 {[%emt 0:03:24]} 20. Ne2 {[%emt 0:01:18]} Be7 {[%emt 0:05:00]} 21. Nc1 {[%emt 0:02:05]} Raa8 {[%emt 0:01:50]} 22. h4 {[%emt 0:03:31]} Nfd7 {[%emt 0:03:46]} 23. Qg3 {[%emt 0:01:00]} Qd8 {[%emt 0:01:33]} 24. Nf3 {[%emt 0:02:05]} exf5 {[%emt 0:03:08]} 25. g5 {[%emt 0:00:41]} h5 {[%emt 0:01:32]} 26. Nd4 {[%emt 0:00:07]} g6 {[%emt 0:03:30]} 27. Nce2 {[%emt 0:00:15]} Qb8 {[%emt 0:02:04]} 28. Nf4 {[%emt 0:00:21]} Ne5 {[%emt 0:00:31]} 29. Be2 {[%emt 0:05:33]} Ng4 {[%emt 0:00:10]} 30. Bxg4 {[%emt 0:00:45]} fxg4 {[%emt 0:00:01]} 31. Rg2 {[%emt 0:01:10]} Bd6 {[%emt 0:00:44]} 32. Qf2 {[%emt 0:00:26]} Nd7 {[%emt 0:01:35]} 33. Nde2 {[%emt 0:00:21]} Ne5 {[%emt 0:01:53]} 34. Ng3 {[%emt 0:00:31]} Ra2 {[%emt 0:01:08]} 35. Ngxh5 {[%emt 0:00:49]} gxh5 {[%emt 0:00:07]} 36. e4 {[%emt 0:00:22]} Nxd3 {[%emt 0:01:25]} 37. Nxd3 {[%emt 0:00:32]} dxe4 {[%emt 0:00:12]} 38. c4 {[%emt 0:00:38]} exd3+ {[%emt 0:00:09]} 39. Kd1 {[%emt 0:00:03]} Be5 {[%emt 0:01:08]} 0-1

[Event "Top 12 FRA-chT 2017"]
[Site "Chartres"]
[Date "2017.05.25"]
[Round "8"]
[White "De Seroux, Camille"]
[Black "Marchadour, Emilie"]
[Result "0-1"]
[WhiteElo "2117"]
[BlackElo "2097"]
[Annotator "NA"]
[PlyCount "128"]
[EventDate "2017.??.??"]
[EventType "team-tourn"]
[EventCountry "FRA"]
[SourceTitle "playchess.com"]
[Source "ChessBase"]
[SourceQuality "1"]
[WhiteTeam "Grasse Echecs"]
[BlackTeam "Lisieux"]
[TimeControl "40/5400+30:1800+30"]

1. e4 {[%emt 0:00:00]} c5 {[%emt 0:00:03]} 2. Nf3 {[%emt 0:00:00]} e6 {[%emt 0:00:04]} 3. Nc3 {[%emt 0:00:00]} Nc6 {[%emt 0:00:55]} 4. Bb5 {[%emt 0:00:02]} Nd4 {[%emt 0:03:48]} 5. O-O {[%emt 0:00:18]} a6 {[%emt 0:00:34]} 6. Bd3 {[%emt 0:00:09]} Ne7 {[%emt 0:01:55]} 7. Nxd4 {[%emt 0:02:44]} cxd4 {[%emt 0:00:06]} 8. Ne2 {[%emt 0:00:08]} d5 {[%emt 0:05:52]} 9. exd5 {[%emt 0:22:42]} Nxd5 {[%emt 0:01:10]} 10. c3 {[%emt 0:01:17]} Bd6 {[%emt 0:19:16]} 11. Qa4+ {[%emt 0:11:46]} Bd7 {[%emt 0:02:11]} 12. Qxd4 {[%emt 0:01:45]} Qc7 {[%emt 0:00:33]} 13. Qh4 {[%emt 0:05:55]} g5 {[%emt 0:10:37]} 14. Qh6 {[%emt 0:08:06]} O-O-O {[%emt 0:02:08]} 15. Be4 {[%emt 0:02:33]} Ne7 {[%emt 0:03:58]} 16. d4 {[%emt 0:02:14]} f5 {[%emt 0:01:14]} 17. Bd3 {[%emt 0:08:52]} Rdg8 {[%emt 0:02:15]} 18. c4 {[%emt 0:03:44]} Rg6 {[%emt 0:00:56]} 19. Qh3 {[%emt 0:02:57]} g4 {[%emt 0:13:51]} 20. Qh4 {[%emt 0:01:06]} Nc6 {[%emt 0:03:36]} 21. c5 {[%emt 0:01:28]} Be7 {[%emt 0:00:06]} 22. Qg3 {[%emt 0:00:34]} Qd8 {[%emt 0:09:26]} 23. Bf4 {[%emt 0:07:19]} h5 {[%emt 0:00:58]} 24. Qe3 {[%emt 0:02:28]} Nb4 {[%emt 0:01:30]} 25. Nc3 {[%emt 0:04:22]} Nxd3 {[%emt 0:03:59]} 26. Qxd3 {[%emt 0:00:06]} Bc6 {[%emt 0:00:09]} 27. Rad1 {[%emt 0:02:57]} Bd5 {[%emt 0:09:50]} 28. Qe3 {[%emt 0:02:57]} Bf6 {[%emt 0:00:36]} 29. Rfe1 {[%emt 0:00:48]} Qd7 {[%emt 0:02:10]} 30. Nxd5 {[%emt 0:02:07]} exd5 {[%emt 0:00:08]} 31. Qe6 {[%emt 0:00:36]} Rhg8 {[%emt 0:00:30]} 32. Qxd7+ {[%emt 0:03:02]} Kxd7 {[%emt 0:00:07]} 33. Be5 {[%emt 0:00:18]} Bd8 {[%emt 0:01:17]} 34. Rd3 {[%emt 0:00:36]} b6 {[%emt 0:00:39]} 35. b4 {[%emt 0:00:30]} Kc6 {[%emt 0:00:31]} 36. Rc1 {[%emt 0:00:53]} Re8 {[%emt 0:00:27]} 37. Rdc3 {[%emt 0:00:29]} Bg5 {[%emt 0:00:28]} 38. R1c2 {[%emt 0:00:24]} Bf4 {[%emt 0:00:48]} 39. Re2 {[%emt 0:00:44]} Rge6 {[%emt 0:00:34]} 40. g3 {[%emt 0:00:30]} Bxe5 {[%emt 0:30:20]} 41. cxb6+ {[%emt 0:04:16]} Kxb6 {[%emt 0:00:00]} 42. Rce3 {[%emt 0:05:09]} Kb5 {[%emt 0:00:00]} 43. Rxe5 {[%emt 0:03:26]} Rxe5 {[%emt 0:00:00]} 44. Rxe5 {[%emt 0:02:09]} Rd8 {[%emt 0:00:00]} 45. Rxf5 {[%emt 0:03:05]} Kxb4 {[%emt 0:00:00]} 46. Rxh5 {[%emt 0:09:12]} Ka3 {[%emt 0:00:00]} 47. Rg5 {[%emt 0:01:37]} Kxa2 {[%emt 0:00:00]} 48. Rxg4 {[%emt 0:01:10]} Kb3 {[%emt 0:00:00]} 49. Rg7 {[%emt 0:02:30]} Ra8 {[%emt 0:00:00]} 50. h4 {[%emt 0:01:34]} a5 {[%emt 0:00:00]} 51. h5 {[%emt 0:00:44]} a4 {[%emt 0:00:00]} 52. g4 {[%emt 0:01:02]} a3 {[%emt 0:00:00]} 53. Re7 {[%emt 0:00:27]} a2 {[%emt 0:00:00]} 54. Re1 {[%emt 0:00:10]} a1=Q {[%emt 0:00:00]} 55. Rxa1 {[%emt 0:00:04]} Rxa1+ {[%emt 0:00:00]} 56. Kg2 {[%emt 0:00:08]} Kc4 {[%emt 0:00:00]} 57. g5 {[%emt 0:00:28]} Kxd4 {[%emt 0:00:00]} 58. f4 {[%emt 0:01:28]} Ke4 {[%emt 0:00:00]} 59. g6 {[%emt 0:00:25]} Kf5 {[%emt 0:00:00]} 60. Kf3 {[%emt 0:00:54]} Re1 {[%emt 0:00:00]} 61. g7 {[%emt 0:00:29]} Re8 {[%emt 0:00:00]} 62. h6 {[%emt 0:00:29]} Kg6 {[%emt 0:00:00]} 63. f5+ {[%emt 0:00:26]} Kxh6 {[%emt 0:00:00]} 64. f6 {[%emt 0:00:08]} Kg6 {[%emt 0:00:00]} 0-1

[Event "Top 12 FRA-chT 2017"]
[Site "Chartres"]
[Date "2017.05.25"]
[Round "8"]
[White "Rodon, Gurvan"]
[Black "Pile, Richard"]
[Result "0-1"]
[WhiteElo "2047"]
[BlackElo "2391"]
[Annotator "NA"]
[PlyCount "134"]
[EventDate "2017.??.??"]
[EventType "team-tourn"]
[EventCountry "FRA"]
[SourceTitle "playchess.com"]
[Source "ChessBase"]
[SourceQuality "1"]
[WhiteTeam "Lisieux"]
[BlackTeam "Grasse Echecs"]
[TimeControl "40/5400+30:1800+30"]

1. d4 {[%emt 0:09:06]} Nf6 {[%emt 0:00:05]} 2. c4 {[%emt 0:00:07]} e6 {[%emt 0:00:05]} 3. Nf3 {[%emt 0:00:06]} b6 {[%emt 0:00:30]} 4. a3 {[%emt 0:00:06]} Bb7 {[%emt 0:00:44]} 5. Nc3 {[%emt 0:00:07]} d5 {[%emt 0:02:14]} 6. cxd5 {[%emt 0:00:08]} exd5 {[%emt 0:00:06]} 7. g3 {[%emt 0:02:26]} Be7 {[%emt 0:00:54]} 8. Bh3 {[%emt 0:06:21]} O-O {[%emt 0:00:41]} 9. O-O {[%emt 0:00:07]} c5 {[%emt 0:06:44]} 10. Ne5 {[%emt 0:14:05]} Nc6 {[%emt 0:02:54]} 11. Nxc6 {[%emt 0:02:55]} Bxc6 {[%emt 0:00:04]} 12. Be3 {[%emt 0:08:28]} h6 {[%emt 0:08:40]} 13. Rc1 {[%emt 0:01:31]} c4 {[%emt 0:00:17]} 14. Qd2 {[%emt 0:31:10]} Re8 {[%emt 0:05:38]} 15. f3 {[%emt 0:07:31]} b5 {[%emt 0:04:34]} 16. Bf5 {[%emt 0:01:13]} a5 {[%emt 0:08:24]} 17. Bb1 {[%emt 0:00:10]} b4 {[%emt 0:02:21]} 18. axb4 {[%emt 0:00:12]} axb4 {[%emt 0:00:06]} 19. Nd1 {[%emt 0:00:08]} Bb5 {[%emt 0:26:26]} 20. Rf2 {[%emt 0:02:30]} Nh7 {[%emt 0:10:17]} 21. g4 {[%emt 0:07:32]} Ra6 {[%emt 0:05:14]} 22. Rg2 {[%emt 0:00:50]} Re6 {[%emt 0:04:30]} 23. Bf5 {[%emt 0:00:54]} Rxe3 {[%emt 0:03:54]} 24. Nxe3 {[%emt 0:00:34]} Bg5 {[%emt 0:00:58]} 25. Bxh7+ {[%emt 0:00:37]} Kh8 {[%emt 0:03:48]} 26. Be4 {[%emt 0:00:32]} dxe4 {[%emt 0:00:13]} 27. f4 {[%emt 0:00:08]} Bxf4 {[%emt 0:00:08]} 28. Rf1 {[%emt 0:00:37]} Qg5 {[%emt 0:01:59]} 29. Rxf4 {[%emt 0:01:40]} Qxf4 {[%emt 0:00:05]} 30. Rf2 {[%emt 0:00:07]} Qc7 {[%emt 0:01:22]} 31. Qxb4 {[%emt 0:00:07]} Rb8 {[%emt 0:00:08]} 32. Nf5 {[%emt 0:01:53]} Ba6 {[%emt 0:00:26]} 33. Qd2 {[%emt 0:00:27]} Qb6 {[%emt 0:01:14]} 34. e3 {[%emt 0:00:16]} Bc8 {[%emt 0:00:36]} 35. Ng3 {[%emt 0:01:12]} Bxg4 {[%emt 0:00:27]} 36. Nxe4 {[%emt 0:00:06]} Qg6 {[%emt 0:00:29]} 37. Ng3 {[%emt 0:00:08]} Rb3 {[%emt 0:00:09]} 38. Qc2 {[%emt 0:01:31]} Rxe3 {[%emt 0:00:31]} 39. Qxg6 {[%emt 0:01:10]} fxg6 {[%emt 0:00:06]} 40. Rd2 {[%emt 0:00:27]} Kg8 {[%emt 0:30:46]} 41. Kf2 {[%emt 0:01:39]} Rf3+ {[%emt 0:00:00]} 42. Kg2 {[%emt 0:00:14]} Rb3 {[%emt 0:00:00]} 43. h3 {[%emt 0:17:06]} Bf3+ {[%emt 0:00:00]} 44. Kf2 {[%emt 0:00:58]} Bd5 {[%emt 0:00:00]} 45. Nf1 {[%emt 0:03:17]} Rxh3 {[%emt 0:00:00]} 46. Ne3 {[%emt 0:01:00]} Rh2+ {[%emt 0:00:00]} 47. Ke1 {[%emt 0:00:13]} Rxd2 {[%emt 0:00:00]} 48. Kxd2 {[%emt 0:00:08]} Bf7 {[%emt 0:00:00]} 49. d5 {[%emt 0:03:05]} h5 {[%emt 0:00:00]} 50. Kc3 {[%emt 0:00:08]} h4 {[%emt 0:00:00]} 51. Kxc4 {[%emt 0:00:16]} h3 {[%emt 0:00:00]} 52. Ng4 {[%emt 0:00:18]} Kf8 {[%emt 0:00:00]} 53. Kc5 {[%emt 0:00:47]} Ke7 {[%emt 0:00:00]} 54. Kc6 {[%emt 0:00:19]} Kd8 {[%emt 0:00:00]} 55. b4 {[%emt 0:06:26]} Be8+ {[%emt 0:00:00]} 56. Kc5 Bd7 {[%emt 0:00:00]} 57. Nf2 {[%emt 0:01:33]} h2 {[%emt 0:00:00]} 58. b5 {[%emt 0:00:47]} Kc7 {[%emt 0:00:00]} 59. d6+ {[%emt 0:01:20]} Kb7 {[%emt 0:00:00]} 60. Nh1 {[%emt 0:00:16]} Bh3 {[%emt 0:00:00]} 61. Nf2 {[%emt 0:00:39]} Kc8 {[%emt 0:00:00]} 62. b6 {[%emt 0:00:20]} Bg2 {[%emt 0:00:00]} 63. Kb5 {[%emt 0:00:23]} Kd7 {[%emt 0:00:00]} 64. Ka6 {[%emt 0:00:58]} h1=Q {[%emt 0:00:00]} 65. Nxh1 {[%emt 0:00:06]} Bxh1 {[%emt 0:00:00]} 66. b7 {[%emt 0:00:05]} Bxb7+ {[%emt 0:00:00]} 67. Kxb7 {[%emt 0:00:05]} Kxd6 {[%emt 0:00:00]} 0-1

[Event "Top 12 FRA-chT 2017"]
[Site "Chartres"]
[Date "2017.05.26"]
[Round "9"]
[White "Li, Chao b"]
[Black "Colin, Vincent"]
[Result "1-0"]
[WhiteElo "2722"]
[BlackElo "2381"]
[Annotator "TA"]
[PlyCount "77"]
[EventDate "2017.??.??"]
[EventType "team-tourn"]
[EventCountry "FRA"]
[SourceTitle "playchess.com"]
[Source "ChessBase"]
[SourceQuality "1"]
[WhiteTeam "Nice Alekhine"]
[BlackTeam "Lisieux"]

{[%evp 9,77,26,26,20,24,29,28,28,62,48,79,70,83,43,27,52,47,7,89,63,73,46,42,40,23,3,43,30,83,79,71,59,63,64,57,56,89,41,22,47,93,30,123,57,65,0,0,0,451,454,445,374,413,401,303,457,456,427,644,657,656,636,613,550,1287,1129,29973,29968,29980,29981]} 1. Nf3 d5 2. g3 h5 (2... Bg4 3. Bg2 c6 4. O-O Nd7 5. h3 Bh5 6. d4 e6 7. c4 Be7 8. Nc3 dxc4 9. b3 cxb3 10. Qxb3 Ngf6 11. Qxb7 O-O 12. Bf4 Qa5 {½-½ (41) Eljanov,P (2751)-So,W (2822) Shamkir 2017}) 3. d4 Bg4 $146 ({Predecessor:} 3... Nf6 4. Bg2 Nc6 5. O-O Bg4 6. Bf4 e6 7. c3 Bd6 8. Ne5 Nd7 9. Nxc6 bxc6 {1-0 (32) Berta,S (2062)-Bubenko,J (1983) Hungary 2015}) 4. Bg2 Nc6 5. c4 e6 6. cxd5 {A07: Réti Opening: New York and Capablanca Systems} exd5 7. Nc3 Qd7 8. h3 {White has an edge.} Bxf3 9. Bxf3 Bb4 10. O-O Nge7 11. Bg2 h4 12. g4 O-O-O 13. Bf4 Bxc3 (13... Bd6 $11 {keeps the balance.} 14. Bxd6 Qxd6) 14. bxc3 $16 f5 15. e3 Na5 16. Bg5 Rde8 17. Qf3 fxg4 18. Qxg4 Nf5 (18... Qxg4 $11 19. hxg4 c6) 19. Rae1 $36 {[%mdl 2048] White is really pushing.} Nc4 20. e4 dxe4 21. Rxe4 Rxe4 22. Bxe4 Nfd6 23. Bg6 (23. Bd3 {looks sharper.} Rf8 24. Re1 Qxg4+ 25. hxg4 Nb6 26. Re7) 23... Qxg4+ 24. hxg4 Rf8 25. f3 ({Of course not} 25. Bxh4 Nd2 $15) (25. Re1 $16) 25... Nb5 (25... b5 $11) 26. Kg2 ({Much weaker is} 26. Bxh4 $6 Nxc3 27. Bf5+ Kb8 $11) (26. Bf5+ $16 Rxf5 27. gxf5) 26... Nxc3 $14 27. Rc1 (27. Bf5+ $14 Rxf5 28. gxf5 Nxa2 29. Ra1) 27... h3+ $1 $11 28. Kxh3 Rxf3+ $2 {[%mdl 8192] [#]} (28... Ne3 $1 $11 {and Black has nothing to worry.}) 29. Kg2 $18 Re3 30. Bf5+ Kb8 31. Bxe3 Nxe3+ {[%mdl 4096] Endgame KRB-KNN} 32. Kf3 Ned5 33. Be6 c6 (33... a5 $142 34. Bxd5 Nxd5) 34. Bxd5 Nxd5 35. Rh1 b5 36. Rh8+ Kb7 37. Rh7 b4 38. Rxg7+ Kb6 39. g5 {Precision: White = 58%, Black = 43%.} 1-0

[Event "Top 12 FRA-chT 2017"]
[Site "Chartres"]
[Date "2017.05.26"]
[Round "9"]
[White "Kryvoruchko, Yuriy"]
[Black "Bacrot, Etienne"]
[Result "1/2-1/2"]
[WhiteElo "2714"]
[BlackElo "2696"]
[Annotator "TA"]
[PlyCount "44"]
[EventDate "2017.??.??"]
[EventType "team-tourn"]
[EventCountry "FRA"]
[SourceTitle "playchess.com"]
[Source "ChessBase"]
[SourceQuality "1"]
[WhiteTeam "Grasse Echecs"]
[BlackTeam "Bischwiller"]

{[%evp 31,44,12,28,15,15,15,15,15,15,15,15,10,21,15,23]} 1. e4 e5 2. Nf3 Nc6 3. Bb5 Nf6 4. O-O Nxe4 5. d4 Nd6 6. Bxc6 dxc6 7. dxe5 Nf5 8. Qxd8+ Kxd8 9. Rd1+ Ke8 10. Nc3 Be7 11. g4 Nh4 12. Nxh4 Bxh4 13. h3 h5 {C67: Ruy Lopez: Berlin Defence: 4 0-0 Nxe4} 14. f3 Be6 15. Bf4 Rd8 16. Kg2 Be7 {[#] LiveBook: 6 Games} 17. Ne2 $146 ({Predecessor:} 17. b3 Rd7 18. Ne4 f6 19. exf6 gxf6 20. Ng3 hxg4 21. hxg4 {½-½ (68) Shirov,A (2730)-Georgiev,K (2663) Ohrid 2009}) 17... c5 {The position is equal.} 18. b3 hxg4 19. hxg4 c4 20. Nd4 cxb3 21. axb3 a6 22. Nxe6 fxe6 1/2-1/2